00518nam a22001697a 450000500170000001000150001702000260003203500140005803700090007208200110008110000310009224500700012326000360019327000740022930000230030350000220032620250603103335.0 aENG-145145 a9789392568954c750.00 aEN-128677 bDBAD a370.71 aMittireeddy, Venkataramana aProfessional Development of Elementary/bVenkataramana Mittireddy aChhattisgarhbAditi Publication aOpp. New Panchajanya vidya Mandir, Near Tiranga ChowkbRaipure492001 a278 p.c20 cm.(Pb) aTeacher Educators